000 003790000a22001810004500
005 20120302061704.0
942 _cBOOK
100 _a Shaw,Bernard
245 _a Complete Plays
260 _aHome Library Club
300 _a650p.
040 _aENG
650 _aLiterature
650 _aEnglish Literature
650 _aPlays
650 _aCaesar
650 _aCleopaatra
999 _c354627
_d354624